Варианты и принципы классификации залежей углеводородов Китайской Народной Республики (КНР); Современные проблемы седиментологии в нефтегазовом инжиниринге

Bibliografiske detaljer
Parent link:Современные проблемы седиментологии в нефтегазовом инжиниринге.— 2017.— [С. 237-243]
Hovedforfatter: Лю Чень
Institution som forfatter: Национальный исследовательский Томский политехнический университет (ТПУ) Институт природных ресурсов (ИПР)
Summary:Заглавие с экрана
Необходимым условием для осуществления масштабных долгосрочных инвестиций в нефтедобывающую промышленность при условии благоприятных перспектив спроса на нефть на мировом рынке является наличие соответствующих геологических запасов нефти, как в конкретном регионе, так и в мире в целом. Оценка геологических запасов нефти в земных недрах всегда носит приблизительный характер. Точность ее зависит от множества причин и прежде всего от степени геологической изученности территории, масштабов уже проведенных поисково-разведочных работ, критериев и методов, применяемых при обработке полученных результатов полевых исследований. Необходимые масштабы геолого-поисковых и разведочных работ определяются в первую очередь неуклонно растущей потребностью в нефти, долговременной динамикой мировых цен на нефть, а также, естественно, наличием соответствующих месторождений, а в последние десятилетия - чрезвычайно быстрым развитием новых более эффективных технологий их разведки и последующей добычи нефти. Традиционно подсчет запасов сопряжен с необходимостью определения типа ловушки и ее потенциала. В статье рассмотрены особенности классификации залежей УВ в КНР.
Sprog:russisk
Udgivet: 2017
Serier:Методология исследований
Fag:
Online adgang:http://earchive.tpu.ru/handle/11683/43072
Format: Electronisk Book Chapter
KOHA link:https://koha.lib.tpu.ru/cgi-bin/koha/opac-detail.pl?biblionumber=623817

MARC

LEADER 00000naa2a2200000 4500
001 623817
005 20231101133301.0
035 |a (RuTPU)RU\TPU\conf\22910 
035 |a RU\TPU\conf\22909 
090 |a 623817 
100 |a 20170921d2017 k y0rusy50 ca 
101 0 |a rus 
102 |a RU 
105 |a y z 101zy 
135 |a drcn ---uucaa 
181 0 |a i  
182 0 |a b 
200 1 |a Варианты и принципы классификации залежей углеводородов Китайской Народной Республики (КНР)  |f Лю Чень 
203 |a Текст  |c электронный 
225 1 |a Методология исследований 
230 |a 1 компьютерный файл (pdf; 1 399 Кб) 
300 |a Заглавие с экрана 
320 |a [Библиогр.: с. 243 (14 назв.)] 
330 |a Необходимым условием для осуществления масштабных долгосрочных инвестиций в нефтедобывающую промышленность при условии благоприятных перспектив спроса на нефть на мировом рынке является наличие соответствующих геологических запасов нефти, как в конкретном регионе, так и в мире в целом. Оценка геологических запасов нефти в земных недрах всегда носит приблизительный характер. Точность ее зависит от множества причин и прежде всего от степени геологической изученности территории, масштабов уже проведенных поисково-разведочных работ, критериев и методов, применяемых при обработке полученных результатов полевых исследований. Необходимые масштабы геолого-поисковых и разведочных работ определяются в первую очередь неуклонно растущей потребностью в нефти, долговременной динамикой мировых цен на нефть, а также, естественно, наличием соответствующих месторождений, а в последние десятилетия - чрезвычайно быстрым развитием новых более эффективных технологий их разведки и последующей добычи нефти. Традиционно подсчет запасов сопряжен с необходимостью определения типа ловушки и ее потенциала. В статье рассмотрены особенности классификации залежей УВ в КНР. 
463 0 |0 (RuTPU)RU\TPU\conf\22907  |t Современные проблемы седиментологии в нефтегазовом инжиниринге  |o труды III Всероссийского научно‐практическогоседиментологического совещания, 10-12 апреля 2017 г., г. Томск  |f Национальный исследовательский Томский политехнический университет (ТПУ), Институт природных ресурсов (ИПР) ; гл. ред. О. С. Чернова  |v [С. 237-243]  |d 2017 
610 1 |a труды учёных ТПУ 
610 1 |a электронный ресурс 
610 1 |a классификации 
610 1 |a месторождения 
610 1 |a ловушки 
610 1 |a флюиды 
610 1 |a углеводороды 
610 1 |a КНР 
700 0 |a Лю Чень 
712 0 2 |a Национальный исследовательский Томский политехнический университет (ТПУ)  |b Институт природных ресурсов (ИПР)  |2 stltpush  |3 (RuTPU)RU\TPU\col\16389 
801 2 |a RU  |b 63413507  |c 20171129  |g RCR 
856 4 |u http://earchive.tpu.ru/handle/11683/43072 
942 |c BK